=LDR 00000nam 2200000 4500 =001 INLIS000000000044609 =005 20200213073519 =035 ##$$a 0010-101300000002531 =008 200213################g##########0#ind## =041 ##$$a Ind =082 ##$$a 158.1 =090 ##$$a 158.1 , Gla t =100 ##$$a Gladwell, Malcolm =245 1#$$a Tipping point : $b Bagaimana hal-hal kecil berhasil membuat perubahan besar /$c Malcolm Gladwell =260 ##$$a Jakarta :$b PT. Gramedia,$c 2010 =300 ##$$a 341 hlm. , 20 cm ; $c 20 x 14 cm. =850 ##$$a NBPNMAT =020 ##$$a 978-979-22-0102-4 =084 ##$$a 158.1 GLA t =250 ##$$a cet.7 =650 #4$$a Sukses-Aspek Psikologi =700 #$$a alih bahasa, Alex Tri Kantjono Widodo =520 ##$$a Biografi, hlm.341 =990 ##$$a 21113312 =990 ##$$a 21113311